Statistics for Countries by Population in 1800

Click here to take the quiz!

General Stats

  • This quiz has been taken 952 times
  • The average score is 10 of 15

Answer Stats

PopulationCountry% Correct
115,000,000British Empire
97%
300,000,000Qing Empire
94%
47,000,000France
93%
35,000,000Russian Empire
93%
25,000,000Spanish Empire
93%
5,000,000United States
91%
160,000,000Maratha Empire
86%
26,000,000Ottoman Empire
78%
29,000,000Holy Roman Empire
59%
17,000,000Joseon
55%
6,000,000Persia
53%
11,000,000Prussia
51%
20,000,000Tokugawa Shogunate
10%
7,000,000Annam
6%
23,000,000Habsburg Monarchy
6%

Score Distribution

Percentile by Number Answered

Percent of People with Each Score

Your Score History

You have not taken this quiz